Gestión de proyectos / (Registro nro. 240)
[ vista simple ]
| 000 -LEADER | |
|---|---|
| fixed length control field | 01574nam a2200289Ia 4500 |
| 003 - CONTROL NUMBER IDENTIFIER | |
| control field | PE SENCICO BE |
| 005 - DATE AND TIME OF LATEST TRANSACTION | |
| control field | 20251020182431.0 |
| 008 - FIXED-LENGTH DATA ELEMENTS--GENERAL INFORMATION | |
| fixed length control field | 200515s9999 xx 000 0 und d |
| 020 ## - INTERNATIONAL STANDARD BOOK NUMBER | |
| International Standard Book Number | 84-283-1774-7 |
| 040 ## - CATALOGING SOURCE | |
| Original cataloging agency | PE SENCICO BE |
| Transcribing agency | PE SENCICO BE |
| 041 ## - LANGUAGE CODE | |
| Language code of text/sound track or separate title | spa |
| 082 ## - DEWEY DECIMAL CLASSIFICATION NUMBER | |
| Classification number | 658.404 |
| Item number | L75 |
| 100 1# - MAIN ENTRY--PERSONAL NAME | |
| Personal name | Lock, Dennis |
| 9 (RLIN) | 2569 |
| Relator term | autor |
| 245 10 - TITLE STATEMENT | |
| Title | Gestión de proyectos / |
| Statement of responsibility, etc. | Dennis Lock |
| 250 ## - EDITION STATEMENT | |
| Edition statement | 2a ed. |
| 260 ## - PUBLICATION, DISTRIBUTION, ETC. | |
| Place of publication, distribution, etc. | Madrid : |
| Name of publisher, distributor, etc. | Paraninfo ; |
| Date of publication, distribution, etc. | 1994 |
| 300 ## - PHYSICAL DESCRIPTION | |
| Extent | 278 p. : |
| Other physical details | tbl., graf. ; |
| Dimensions | 24 cm. |
| 490 ## - SERIES STATEMENT | |
| Series statement | Colección éxito |
| 500 ## - GENERAL NOTE | |
| General note | En la cubierta: planificación, presupuesto, control y evaluación de proyectos |
| 505 0# - FORMATTED CONTENTS NOTE | |
| Formatted contents note | La gestión de proyectos en la organización -- Definición del proyecto -- Estimación de costos y fijación del precio -- Planificación del tiempo -- Programación de recursos -- Programación por ordenador -- Planificación de piezas -- Implementación del programa -- Control de compras y materiales -- Modificaciones, preparación de planificaciones y concesiones -- Relación entre resultados y coste -- Terminación del proyecto |
| 520 3# - SUMMARY, ETC. | |
| Summary, etc. | Texto pensado fundamentalmente para operar con la máxima eficacia y seguridad en la gestión de un proyecto, rigurosamente controlado y perfectamente coordinado con las complejas actividades que lleva consigo toda la industria moderna o planes comerciales. |
| 650 10 - SUBJECT ADDED ENTRY--TOPICAL TERM | |
| Topical term or geographic name entry element | Evaluación de proyectos |
| 9 (RLIN) | 14 |
| 650 20 - SUBJECT ADDED ENTRY--TOPICAL TERM | |
| Topical term or geographic name entry element | Financiamiento de proyectos |
| 9 (RLIN) | 2269 |
| 650 20 - SUBJECT ADDED ENTRY--TOPICAL TERM | |
| Topical term or geographic name entry element | Administración del tiempo |
| 9 (RLIN) | 2558 |
| 650 20 - SUBJECT ADDED ENTRY--TOPICAL TERM | |
| Topical term or geographic name entry element | Administración de proyectos |
| 9 (RLIN) | 149 |
| 942 ## - ADDED ENTRY ELEMENTS (KOHA) | |
| Koha item type | Libros |
| Source of classification or shelving scheme | Dewey Decimal Classification |
| Fecha de la última vez que lo usaron | Número de ingreso o de inventario | Pago total | Signatura topográfica completa | Código de barras | Precio efectivo desde | Tipo de documento | Estado perdido | Sistema de clasificación | Estado dañado | No es para préstamo | Retirado | Ubicación permanente | Ubicación actual | Fecha de adquisición |
|---|---|---|---|---|---|---|---|---|---|---|---|---|---|---|
| 15/05/2020 | 8946 | 658.404/L75 | BibLima24080040 | 15/05/2020 | Libros | Dewey Decimal Classification | Biblioteca Central Lima | Biblioteca Central Lima | 15/05/2020 |